Genesis 12-50 / (Record no. 21148)

MARC details
000 -LEADER
fixed length control field 01470cam a22003854a 4500
001 - CONTROL NUMBER
control field 12869477
003 - CONTROL NUMBER IDENTIFIER
control field OSt
005 - DATE AND TIME OF LATEST TRANSACTION
control field 20260129122420.0
008 - FIXED-LENGTH DATA ELEMENTS--GENERAL INFORMATION
fixed length control field 020725s2002 ilu b 001 0 eng
010 ## - LIBRARY OF CONGRESS CONTROL NUMBER
LC control number 2002027383
020 ## - INTERNATIONAL STANDARD BOOK NUMBER
International Standard Book Number 0830814728
Qualifying information alk. paper
020 ## - INTERNATIONAL STANDARD BOOK NUMBER
International Standard Book Number 9780830814725
Qualifying information (alk. paper)
035 ## - SYSTEM CONTROL NUMBER
System control number 12869477
040 ## - CATALOGING SOURCE
Original cataloging agency DLC
Transcribing agency DLC
Modifying agency DLC
042 ## - AUTHENTICATION CODE
Authentication code pcc
050 00 - LIBRARY OF CONGRESS CALL NUMBER
Classification number BS1235.53
Item number .G46 2002
082 00 - DEWEY DECIMAL CLASSIFICATION NUMBER
Classification number 222/.11077/09
Edition number 21
245 00 - TITLE STATEMENT
Title Genesis 12-50 /
Statement of responsibility, etc. edited by Mark Sheridan ; general editor, Thomas C. Oden.
246 3# - VARYING FORM OF TITLE
Title proper/short title Genesis twelve through fifty
260 ## - PUBLICATION, DISTRIBUTION, ETC. (IMPRINT)
Place of publication, distribution, etc. Downers Grove, Ill. :
Name of publisher, distributor, etc. InterVarsity Press,
Date of publication, distribution, etc. c2002.
300 ## - PHYSICAL DESCRIPTION
Extent xxxix, 392 p. ;
Dimensions 26 cm.
336 ## - CONTENT TYPE
Content type term text
Content type code txt
Source rdacontent
337 ## - MEDIA TYPE
Media type term unmediated
Media type code n
Source rdamedia
338 ## - CARRIER TYPE
Carrier type term volume
Carrier type code nc
Source rdacarrier
440 #0 - SERIES STATEMENT/ADDED ENTRY--TITLE
Title Ancient Christian commentary on Scripture.
Name of part/section of a work Old Testament ;
Volume/sequential designation 2
504 ## - BIBLIOGRAPHY, ETC. NOTE
Bibliography, etc Includes bibliographical references (p. 370-377) and indexes.
630 00 - SUBJECT ADDED ENTRY--UNIFORM TITLE
Uniform title Bible.
Name of part/section of a work Genesis, XII-L
Form subdivision Commentaries.
655 #7 - INDEX TERM--GENRE/FORM
Genre/form data or focus term Commentaries.
Source of term lcgft
Authority record control number https://id.loc.gov/authorities/genreForms/gf2025026014
700 1# - ADDED ENTRY--PERSONAL NAME
Personal name Sheridan, Mark.
700 1# - ADDED ENTRY--PERSONAL NAME
Personal name Oden, Thomas C.
906 ## - LOCAL DATA ELEMENT F, LDF (RLIN)
a 7
b cbc
c orignew
d 1
e ocip
f 20
g y-gencatlg
942 ## - ADDED ENTRY ELEMENTS (KOHA)
Source of classification or shelving scheme Library of Congress Classification
Koha item type General Collection
Holdings
Withdrawn status Lost status Source of classification or shelving scheme Not for loan Home library Current library Shelving location Date acquired Source of acquisition Inventory number Total Checkouts Full call number Barcode Date last seen Copy number Price effective from Koha item type
    Library of Congress Classification   Kabarak, Main Campus Kabarak, Main Campus General Stacks 29/01/2026 Donation 2025/2243   BS1235.53 .G46 2002 C.1 39592 29/01/2026 C.1 29/01/2026 General Collection
Designed with assistance from East African Informatics Ltd